000 01379cam a2200373 i 4500
001 18487684
003 EG-ScBUE
005 20220313142518.0
008 150210t2015 njua f b 000 0 eng d
020 _a9789814675765 (hardcover : alk. paper)
040 _aDLC
_beng
_erda
_cDLC
_dDLC
_dEG-ScBUE
082 0 4 _a512.9434
_bMAT
_222
245 0 0 _aMatrix functions and matrix equations /
_ceditors, Zhaojun Bai ,UC Davis, Weiguo Gao, Fudan University, China, Yangfeng Su, Fudan University, China.
264 1 _aNew Jersey :
_bWorld Scientific,
_c[2015]
264 4 _cc2015
300 _avii, 137 pages :
_billustrations ;
_c24 cm.
336 _atext
_2rdacontent
_btxt
337 _aunmediated
_2rdamedia
_bn
338 _avolume
_2rdacarrier
_bnc
490 0 _aSeries in contemporary applied mathematics ;
_vvol. 19
504 _aIncludes bibliographical references.
650 7 _aMatrices.
_2BUEsh
650 7 _aLinear operators.
_2BUEsh
650 7 _aAlgebras, Linear.
_2BUEsh
_934920
653 _bGGEN
_cMarch2022
655 _vReading book
_934232
700 1 _aBai, Zhaojun,
_eeditor.
700 1 _aGao, Weiguo,
_eeditor.
700 1 _aSu, Yangfeng,
_eeditor.
906 _a7
_bcbc
_corignew
_d1
_eecip
_f20
_gy-gencatlg
942 _2ddc
_cBB
999 _c29861
_d29832